[Event "Szachowe Lato 2014 - OPEN"]
[Site "Wyzsza Szkola Umiejetnosci Spo"]
[Date "2014.??.??"]
[Round "1.1"]
[White "Brodowski, Piotr"]
[Black "Szczerbak, Stefan"]
[Result "1-0"]
[WhiteElo "2438"]
[BlackElo "1606"]
[PlyCount "50"]
[EventDate "2014.??.??"]

1. e4 c5 2. Nf3 d6 3. d4 Nf6 4. Nc3 cxd4 5. Nxd4 Nc6 6. h3 Bd7 7. Nf3 e6 8. Nb5
Qb8 9. a4 a6 10. Na3 Be7 11. Nc4 Qc7 12. Ng5 Qb8 13. Be3 Qc7 14. Nb6 Rb8 15.
Be2 O-O 16. O-O Ne5 17. f4 Ng6 18. a5 Bc6 19. Bd3 Rfe8 20. Qf3 Bd8 21. Rae1 Ne7
22. Qf2 Rf8 23. e5 dxe5 24. fxe5 Nfd5 25. Nxd5 Bxd5 {Dalszy zapis nieczytelny}
1-0

[Event "Szachowe Lato 2014 - OPEN"]
[Site "Wyzsza Szkola Umiejetnosci Spo"]
[Date "2014.??.??"]
[Round "1.12"]
[White "Bzdega, Bartlomiej"]
[Black "Kowalewicz, Kacper"]
[Result "1/2-1/2"]
[WhiteElo "1445"]
[BlackElo "1783"]
[PlyCount "63"]
[EventDate "2014.??.??"]

1. d4 f5 2. c4 Nf6 3. Nc3 e6 4. Nf3 d6 5. Bg5 Be7 6. e3 O-O 7. Qc2 Nbd7 8. g3
h6 9. Bxf6 Nxf6 10. Bg2 c6 11. O-O-O d5 12. Ne5 Qe8 13. f4 Nd7 14. cxd5 Nxe5
15. dxe5 cxd5 16. Qb3 Kh8 17. Bf1 a6 18. Na4 b5 19. Nc3 Bb7 20. Rg1 Bc5 21. Ne2
Rc8 22. Kb1 Qe7 23. Nd4 Rc7 24. Rc1 Bxd4 25. Rxc7 Qxc7 26. exd4 Rc8 27. Bd3 Qc6
28. Qd1 g6 29. Qd2 Qb6 30. Be2 Rc7 31. Rc1 Rxc1+ 32. Kxc1 1/2-1/2

[Event "Szachowe Lato 2014 - OPEN"]
[Site "Wyzsza Szkola Umiejetnosci Spo"]
[Date "2014.??.12"]
[Round "1.10"]
[White "Nicikowski, Jozef"]
[Black "Kaczmarek, Piotr"]
[Result "0-1"]
[WhiteElo "1518"]
[BlackElo "1851"]
[PlyCount "124"]
[EventDate "2014.??.??"]

1. e4 d5 2. exd5 Nf6 3. Nf3 Nxd5 4. Be2 g6 5. O-O Bg7 6. d4 O-O 7. c4 Nb6 8.
Nc3 Nc6 9. Be3 e5 10. d5 Ne7 11. Bg5 f6 12. Bh4 Bg4 13. b3 Bxf3 14. Bxf3 g5 15.
Bg3 f5 16. c5 Nd7 17. d6 Nc6 18. Bd5+ Kh8 19. dxc7 Qxc7 20. h4 Nxc5 21. Qh5 g4
22. Qg5 Qe7 23. Qxe7 Nxe7 24. Rac1 Rad8 25. Rfd1 b6 26. Bc4 f4 27. Bh2 Nf5 28.
b4 Nb7 29. Bd5 Nbd6 30. Be6 g3 31. Bxf5 gxh2+ 32. Kxh2 Nxf5 33. Ne4 Nd4 34. Ng5
Kg8 35. Rd3 Rc8 36. Rdc3 Rxc3 37. Rxc3 Bf6 38. Ne4 Bxh4 39. Kh3 Be7 40. Rc7
Bxb4 41. Rxa7 Rf7 42. Ra8+ Kg7 43. Rb8 Bc5 44. Re8 Re7 45. Rc8 Ra7 46. Kg4 Be7
47. Nc3 Kg6 48. Re8 h5+ 49. Kh3 Ra3 50. Rxe7 Rxc3+ 51. f3 Kf5 52. Re8 Ra3 53.
Rb8 b5 54. Rb6 Kg5 55. Rb8 Rxa2 56. Rg8+ Kf5 57. Kh4 Nxf3+ 58. Kh3 Ng5+ 59. Kh4
Rxg2 60. Rf8+ Ke4 61. Rg8 Nf3+ 62. Kh3 Rh2# 0-1

[Event "Szachowe Lato 2014 - OPEN"]
[Site "Wyzsza Szkola Umiejetnosci Spo"]
[Date "2014.??.12"]
[Round "1.8"]
[White "Slomczewski, Michal"]
[Black "Glatty, Zbigniew"]
[Result "0-1"]
[WhiteElo "1531"]
[BlackElo "1892"]
[PlyCount "104"]
[EventDate "2014.??.??"]

1. c4 Nf6 2. Nf3 e6 3. d4 d5 4. Nc3 c6 5. b3 Nbd7 6. g3 Bb4 7. Bd2 O-O 8. Qc2
b6 9. e3 Bb7 10. Bg2 Rc8 11. O-O Ba6 12. Ne2 Bxd2 13. Nxd2 c5 14. Rac1 b5 15.
dxc5 bxc4 16. b4 Rb8 17. Qc3 Qc7 18. e4 Ne5 19. exd5 Nxd5 20. Bxd5 exd5 21. Nf4
Rfd8 22. Nf3 d4 23. Qa3 Nxf3+ 24. Qxf3 c3 25. Nd5 Qd7 26. Nf4 Bxf1 27. Kxf1 d3
28. Rxc3 d2 29. Rd3 d1=Q+ 30. Qxd1 Qb5 31. Kg1 Rxd3 32. Qxd3 Qxb4 33. Qd6 Kh8
34. a3 Qe1+ 35. Kg2 Qe4+ 36. Kh3 Rc8 37. Qd7 Qe8 38. Qxe8+ Rxe8 39. Nd3 Rd8 40.
Nb4 Rd4 41. Kg2 Rc4 42. c6 a5 43. Nd5 Rxc6 44. Kf3 Rc4 45. Ne3 Rc3 46. Ke4 Rxa3
47. Kd4 Ra2 48. f4 Rxh2 49. Kc4 Rh3 50. Nf1 Rh1 51. Nd2 Rg1 52. Ne4 f5 0-1

[Event "Szachowe Lato 2014 - OPEN"]
[Site "Wyzsza Szkola Umiejetnosci Spo"]
[Date "2014.??.12"]
[Round "1.11"]
[White "Niedbala, Wojciech"]
[Black "Kostecki, Samuel"]
[Result "1-0"]
[WhiteElo "1851"]
[BlackElo "1507"]
[PlyCount "81"]
[EventDate "2014.??.??"]

1. e4 c5 2. Nf3 Nc6 3. Bb5 d6 4. O-O Nf6 5. Re1 Bd7 6. c3 g6 7. h3 Bg7 8. d4
cxd4 9. cxd4 O-O 10. Nc3 Rc8 11. Bg5 Re8 12. Qd2 Qa5 13. Bf1 h5 14. a3 a6 15.
Be3 Red8 16. d5 Nb8 17. Bd4 Be8 18. b4 Qc7 19. Rac1 Nbd7 20. Bd3 Ne5 21. Nxe5
dxe5 22. Na2 Qb8 23. Bb6 Rxc1 24. Nxc1 Rc8 25. Nb3 Nd7 26. Be3 Qd6 27. Nc5 Rc7
28. Rd1 Nf8 29. Be2 Nd7 30. Nb3 Nf6 31. Bc5 Qd7 32. Qe3 Qa4 33. Na5 Bb5 34. Bf3
Ne8 35. Rd2 Kh7 36. Bd1 Bh6 37. Qf3 Bxd2 38. Bxa4 Bxa4 39. Qxf7+ Ng7 40. d6 Rd7
41. dxe7 1-0

[Event "Szachowe Lato 2014 - OPEN"]
[Site "Wyzsza Szkola Umiejetnosci Spo"]
[Date "2014.??.12"]
[Round "1.15"]
[White "Van Den Bosch, Arno"]
[Black "Kostecka, Marika"]
[Result "1-0"]
[WhiteElo "1762"]
[BlackElo "1383"]
[PlyCount "46"]
[EventDate "2014.??.??"]

1. e4 c5 2. Nf3 d6 3. c3 Nf6 4. Be2 Nc6 5. d3 e5 6. O-O Be7 7. Nbd2 O-O 8. Re1
Re8 9. Qc2 d5 10. exd5 Nxd5 11. Nc4 Bf6 12. Bf1 Bf5 13. Ne3 Bg6 14. Nd2 Nf4 15.
Ne4 b6 16. g3 Ne6 17. Bg2 Qd7 18. Nxf6+ gxf6 19. Ng4 Bxd3 20. Nxf6+ Kh8 21.
Bxc6 Qxc6 22. Qxd3 e4 23. Qxe4 Qxe4 1-0

[Event "Szachowe Lato 2014 - OPEN"]
[Site "Wyzsza Szkola Umiejetnosci Spo"]
[Date "2014.??.12"]
[Round "1.4"]
[White "Wittig, Zenon"]
[Black "Niekras, Dawid"]
[Result "0-1"]
[WhiteElo "1547"]
[BlackElo "1981"]
[PlyCount "66"]
[EventDate "2014.??.??"]

1. e4 c5 2. Nf3 d6 3. d4 cxd4 4. Nxd4 Nf6 5. Nc3 g6 6. Be3 Bg7 7. f3 O-O 8. Qd2
Nc6 9. O-O-O d5 10. exd5 Nxd5 11. Nxd5 Qxd5 12. Kb1 Nxd4 13. Bxd4 Be6 14. c4
Bf5+ 15. Ka1 Qxd4 16. Qxd4 Bxd4 17. Rxd4 Rfd8 18. Rxd8+ Rxd8 19. Be2 Rd2 20.
Re1 g5 21. a3 a5 22. g4 Bc2 23. c5 Bb3 24. Kb1 a4 25. h3 Kg7 26. f4 gxf4 27.
Bf3 Rd7 28. Re4 e5 29. Rxe5 Rd3 30. Be2 Rxh3 31. Rh5 Re3 32. Rh2 f3 33. Kc1
fxe2 0-1

[Event "Szachowe Lato 2014 - OPEN"]
[Site "Wyzsza Szkola Umiejetnosci Spo"]
[Date "2014.??.12"]
[Round "1.16"]
[White "Zakrecki, Jedrzej"]
[Black "Gajzner, Ryszard"]
[Result "0-1"]
[WhiteElo "1383"]
[BlackElo "1758"]
[PlyCount "72"]
[EventDate "2014.??.??"]

1. e4 c5 2. Nc3 Nc6 3. Nf3 e6 4. d3 g6 5. Qe2 Nge7 6. Be3 Qb6 7. Na4 Qb4+ 8.
Nc3 Qxb2 9. Rd1 Qxc3+ 10. Rd2 Bg7 11. Qd1 O-O 12. Be2 Nd4 13. O-O Nec6 14. Qb1
Nxe2+ 15. Rxe2 Nd4 16. Rd2 f5 17. Ng5 h6 18. Nh3 e5 19. f4 fxe4 20. Bxd4 exd4
21. Re2 e3 22. Rf3 d6 23. Rg3 Bf5 24. Kf1 Rab8 25. Ng1 b5 26. Nf3 c4 27. Qd1
cxd3 28. cxd3 Bxd3 29. Kg1 Bxe2 30. Qb1 Bxf3 31. Rxf3 d3 32. g3 d2 33. Kg2 Qc1
34. Qb3+ Kh7 35. Qxe3 d1=Q 36. Qxc1 Qxc1 0-1

[Event "Szachowe Lato 2014 - OPEN"]
[Site "Wyzsza Szkola Umiejetnosci Spo"]
[Date "2014.??.??"]
[Round "1.6"]
[White "Huchwajda, Grzegorz"]
[Black "Rozumek, Krzysztof"]
[Result "0-1"]
[WhiteElo "1541"]
[BlackElo "1933"]
[PlyCount "88"]
[EventDate "2014.??.??"]

1. e4 c6 2. d4 d5 3. exd5 cxd5 4. c4 dxc4 5. Bxc4 Nf6 6. Nc3 e6 7. Nf3 a6 8. a3
b5 9. Ba2 Bb7 10. O-O Be7 11. Re1 O-O 12. Ne5 Nbd7 13. Nxf7 Rxf7 14. Bxe6 Nf8
15. Bxf7+ Kxf7 16. Qb3+ Bd5 17. Nxd5 Qxd5 18. Qxd5+ Nxd5 19. Be3 Rc8 20. Rac1
Rxc1 21. Rxc1 a5 22. Kf1 Ne6 23. g3 Bf6 24. Rc2 Ke7 25. Rd2 Kd6 26. Ke2 a4 27.
f3 Nxe3 28. Kxe3 Kd5 29. f4 Bxd4+ 30. Kf3 Kc4 31. g4 Nc5 32. f5 Nb3 33. Rc2+
Kd3 34. Rc6 Bxb2 35. Rd6+ Nd4+ 36. Kf4 Bxa3 37. Rd7 Bb2 38. g5 a3 39. f6 gxf6
40. gxf6 a2 41. Ra7 a1=Q 42. Rxa1 Bxa1 43. f7 Ne6+ 44. Kf5 Nf8 0-1

[Event "Szachowe Lato 2014 - OPEN"]
[Site "Wyzsza Szkola Umiejetnosci Spo"]
[Date "2014.??.12"]
[Round "1.18"]
[White "Piechota, Jozef"]
[Black "Jarmuzek, Karolina"]
[Result "0-1"]
[WhiteElo "1340"]
[BlackElo "1742"]
[PlyCount "60"]
[EventDate "2014.??.??"]

1. d4 d5 2. Bg5 h6 3. Bh4 Nf6 4. h3 Bf5 5. e3 e6 6. Nf3 Be7 7. Ne5 Nbd7 8. Nd2
O-O 9. c4 c5 10. cxd5 exd5 11. Bb5 Nxe5 12. dxe5 Nd7 13. Bg3 a6 14. Be2 Rc8 15.
O-O Be6 16. Bg4 Qb6 17. b3 Rfd8 18. f4 Bxg4 19. Qxg4 c4 20. Bf2 c3 21. e4 Bc5
22. Bxc5 Qxc5+ 23. Kh1 cxd2 24. e6 Nf6 25. Qf5 dxe4 26. Qxc5 Rxc5 27. Rad1 e3
28. e7 Re8 29. Kh2 Rxe7 30. Rf3 Rc1 0-1

[Event "Szachowe Lato 2014 - OPEN"]
[Site "Wyzsza Szkola Umiejetnosci Spo"]
[Date "2014.??.12"]
[Round "1.5"]
[White "Kozlowski, Tomasz"]
[Black "Szuba, Henryk"]
[Result "1-0"]
[WhiteElo "1973"]
[BlackElo "1542"]
[PlyCount "35"]
[EventDate "2014.??.??"]

1. e4 Nf6 2. e5 Ng8 3. d4 d6 4. f4 dxe5 5. fxe5 e6 6. Nf3 c5 7. c3 Nc6 8. Bb5
Qb6 9. Bxc6+ Qxc6 10. O-O cxd4 11. cxd4 Ne7 12. Nc3 g6 13. Bg5 Nf5 14. g4 Ng7
15. d5 exd5 16. Nxd5 Bc5+ 17. Kg2 Qe6 18. Nf6+ 1-0

[Event "Szachowe Lato 2014 - OPEN"]
[Site "Wyzsza Szkola Umiejetnosci Spo"]
[Date "2014.??.12"]
[Round "1.14"]
[White "Wlodarczyk, Jan"]
[Black "Grabczynski, Zdzislaw"]
[Result "0-1"]
[WhiteElo "1387"]
[BlackElo "1775"]
[PlyCount "68"]
[EventDate "2014.??.??"]

1. d4 Nf6 2. c4 g6 3. Nf3 Bg7 4. e3 d6 5. Nc3 a6 6. Bd3 O-O 7. O-O Nbd7 8. Re1
c5 9. d5 Ng4 10. Ne4 Nge5 11. Be2 Rb8 12. Rb1 b5 13. b4 bxc4 14. Qc2 cxb4 15.
Bxc4 a5 16. Bb3 Nxf3+ 17. gxf3 Ba6 18. Kh1 Ne5 19. f4 Bd3 20. Qd2 Bxe4+ 21. Kg1
Nf3+ 22. Kf1 Nxd2+ 23. Bxd2 Bxb1 24. Rxb1 Qd7 25. f3 Qh3+ 26. Kg1 Qxf3 27. Bd1
Qxd5 28. Be1 Qxa2 29. Rb3 Qa1 30. Rd3 Rfc8 31. Bg3 Rc1 32. Kf2 Rxd1 33. Rxd1
Qxd1 34. h4 Rc8 0-1

[Event "Szachowe Lato 2014 - OPEN"]
[Site "Wyzsza Szkola Umiejetnosci Spo"]
[Date "2014.??.12"]
[Round "1.3"]
[White "Bednarska-bzdega, Malgorzata"]
[Black "Baranowski, Adam"]
[Result "1-0"]
[WhiteElo "2057"]
[BlackElo "1582"]
[PlyCount "29"]
[EventDate "2014.??.??"]

1. e4 e5 2. Nf3 Nc6 3. d4 exd4 4. Nxd4 Bc5 5. Nb3 Bb6 6. Nc3 d6 7. Nd5 Be6 8.
a4 Bxf2+ 9. Kxf2 Qh4+ 10. g3 Qxe4 11. Nxc7+ Ke7 12. Bd3 Qe5 13. Re1 Qf6+ 14.
Kg1 Rc8 15. Nd5+ 1-0

[Event "Szachowe Lato 2014 - OPEN"]
[Site "Wyzsza Szkola Umiejetnosci Spo"]
[Date "2014.??.12"]
[Round "1.7"]
[White "Stachowiak, Slawomir"]
[Black "Lisiecki, Robert"]
[Result "1-0"]
[WhiteElo "1929"]
[BlackElo "1535"]
[PlyCount "35"]
[EventDate "2014.??.??"]

1. e4 c5 2. Nf3 e6 3. Be2 Nf6 4. Nc3 Nc6 5. O-O Be7 6. d4 cxd4 7. Nxd4 a6 8. a3
Qb6 9. Be3 Nxd4 10. Bxd4 Qc7 11. Bf3 d5 12. exd5 exd5 13. Bxf6 Bxf6 14. Bxd5
Qd7 15. Re1+ Kf8 16. Qf3 Bxc3 17. Qxc3 Qb5 18. a4 1-0

[Event "Szachowe Lato 2014 - OPEN"]
[Site "Wyzsza Szkola Umiejetnosci Spo"]
[Date "2014.??.12"]
[Round "1.2"]
[White "Koper, Konrad"]
[Black "Zakrzewski, Marek"]
[Result "0-1"]
[WhiteElo "1603"]
[BlackElo "2161"]
[PlyCount "70"]
[EventDate "2014.??.??"]

1. e4 g6 2. d4 Bg7 3. Nc3 c5 4. Be3 Qa5 5. Bc4 Qb4 6. Qd3 b5 7. Bb3 cxd4 8. a3
Qc5 9. Qxb5 Na6 10. Qxc5 Nxc5 11. Nb5 dxe3 12. Nc7+ Kd8 13. Nxa8 Nxb3 14. cxb3
Bxb2 15. Ra2 exf2+ 16. Kxf2 Bd4+ 17. Kg3 Bb7 18. Nf3 Bg7 19. Rc1 Bxa8 20. Rac2
Bc6 21. b4 a6 22. a4 e6 23. b5 axb5 24. axb5 Bxe4 25. Rc8+ Ke7 26. b6 Nf6 27.
Rxh8 Bxh8 28. Rc8 Bg7 29. Rb8 d6 30. b7 Nd7 31. Rg8 Bxb7 32. Rxg7 Nf6 33. Kh4
Kf8 34. Rxf7+ Kxf7 35. Ng5+ Ke7 0-1

[Event "Szachowe Lato 2014 - OPEN"]
[Site "Wyzsza Szkola Umiejetnosci Spo"]
[Date "2014.??.12"]
[Round "1.17"]
[White "Sklepinski, Artur"]
[Black "Janicki, Rafal"]
[Result "1-0"]
[WhiteElo "1754"]
[BlackElo "1355"]
[PlyCount "107"]
[EventDate "2014.??.??"]

1. d4 d6 2. c4 e5 3. Nc3 Nd7 4. Nf3 Ngf6 5. g3 Be7 6. Bg2 O-O 7. O-O c6 8. Qc2
Qc7 9. b3 a5 10. Bb2 Re8 11. Rac1 Bf8 12. Rfd1 h5 13. dxe5 Nxe5 14. Nxe5 dxe5
15. Ne4 Ng4 16. h3 Nh6 17. c5 Bf5 18. Qc4 Rad8 19. Ba3 Be6 20. Qc3 Bd5 21. Nd6
Rxd6 22. cxd6 Qd7 23. e4 Be6 24. Kh2 f6 25. Bc5 Nf7 26. Qf3 Nxd6 27. Qxh5 Bf7
28. Qe2 Qc7 29. Qe3 b6 30. Bxb6 Qb7 31. Bxa5 Ra8 32. Qb6 Qxb6 33. Bxb6 Rxa2 34.
Bc5 Bxb3 35. Bxd6 Bxd1 36. Rxd1 Rxf2 37. Bxf8 Kxf8 38. Rc1 Kf7 39. Rxc6 g6 40.
Kg1 Rb2 41. Bf1 f5 42. Bc4+ Kg7 43. Rc7+ Kh6 44. Re7 f4 45. Rxe5 f3 46. Rb5
Rg2+ 47. Kf1 Rxg3 48. Kf2 Rxh3 49. Be6 Rh5 50. Rxh5+ gxh5 51. Kxf3 Kg5 52. Bf5
h4 53. Bg4 Kf6 54. Kf4 1-0

[Event "Szachowe Lato 2014 - OPEN"]
[Site "Wyzsza Szkola Umiejetnosci Spo"]
[Date "2014.??.12"]
[Round "1.9"]
[White "Simon, Marek"]
[Black "Woloszyn, Piotr"]
[Result "1-0"]
[WhiteElo "1871"]
[BlackElo "1527"]
[PlyCount "117"]
[EventDate "2014.??.??"]

1. d4 Nf6 2. c4 e6 3. Nf3 Bb4+ 4. Bd2 Bxd2+ 5. Qxd2 b6 6. Nc3 d5 7. e3 Bb7 8.
b3 Nbd7 9. Be2 O-O 10. O-O Qe7 11. Rfd1 Rac8 12. cxd5 Nxd5 13. Nxd5 exd5 14. b4
c5 15. bxc5 bxc5 16. Qa5 c4 17. Qxa7 Rc7 18. Qa5 Rfc8 19. Qc3 f5 20. Ne5 Nf6
21. f3 Nd7 22. f4 Nf6 23. Bf3 Ne4 24. Bxe4 fxe4 25. Rf1 Rf8 26. a4 Qd6 27. a5
Ba6 28. Rfb1 Rb7 29. Rxb7 Bxb7 30. Rb1 Qc7 31. Rb6 Rf6 32. Rb5 Bc6 33. Rb1 h5
34. Qb4 Rf8 35. Qc5 Rc8 36. Kf2 Kh7 37. Ke2 c3 38. Nxc6 Qxc6 39. Qxc6 Rxc6 40.
Rb6 Rc4 41. Kd1 Ra4 42. Rb5 Ra1+ 43. Kc2 Ra2+ 44. Kxc3 Rxg2 45. Rb2 Rg1 46. Ra2
Rc1+ 47. Kb4 g5 48. fxg5 Kg6 49. h4 Kf5 50. a6 Rc8 51. a7 Ra8 52. Kc5 Kg4 53.
Kxd5 Kxh4 54. g6 Kg3 55. g7 h4 56. g8=Q+ Rxg8 57. a8=Q Rxa8 58. Rxa8 Kf3 59.
Rh8 1-0

[Event "Szachowe Lato 2014 - OPEN"]
[Site "Wyzsza Szkola Umiejetnosci Spo"]
[Date "2014.??.12"]
[Round "1.13"]
[White "Kiwilsza, Piotr"]
[Black "Niemier, Hubert"]
[Result "1/2-1/2"]
[WhiteElo "1778"]
[BlackElo "1413"]
[PlyCount "109"]
[EventDate "2014.??.??"]

1. e4 c6 2. d4 d5 3. e5 Bf5 4. Bd3 Bxd3 5. Qxd3 e6 6. f4 Ne7 7. Ne2 Qd7 8. O-O
g6 9. b3 Nf5 10. Ba3 Bxa3 11. Nxa3 Qe7 12. Nb1 Nd7 13. Nd2 g5 14. c4 g4 15.
cxd5 exd5 16. Qxf5 h5 17. Qg5 Qb4 18. Rad1 a5 19. f5 Qe7 20. f6 Qf8 21. Nf4 Qh6
22. Qf5 O-O-O 23. e6 fxe6 24. Nxe6 Qe3+ 25. Kh1 g3 26. Nxd8 Rxd8 27. f7 Rf8 28.
Rde1 Qxd2 29. Re8+ Kc7 30. Rxf8 Nxf8 31. Qe5+ Kb6 32. Qxg3 Qxa2 33. Qc3 Qe2 34.
Ra1 Qb5 35. h3 Kc7 36. Rxa5 Qf1+ 37. Kh2 Qxf7 38. Ra8 Nd7 39. Qg3+ Kb6 40. Qd6
Qf2 41. Rd8 Nf6 42. Qe5 Ne4 43. Rd7 Nd2 44. Qc7+ Ka6 45. Qxb7+ Ka5 46. b4+ Ka4
47. Qxc6+ Kb3 48. Qxd5+ Kb2 49. Rg7 Qf4+ 50. g3 Nf3+ 51. Kg2 Ne1+ 52. Kg1 Qe3+
53. Kf1 Nf3 54. Qb5 Nd2+ 55. Kg2 1/2-1/2